Professional indemnity insurers have cause for concern (Record no. 71506)

MARC details
000 -LEADER
fixed length control field 02104cam a2200265 4500
001 - CONTROL NUMBER
control field ABS66007
008 - FIXED-LENGTH DATA ELEMENTS--GENERAL INFORMATION
fixed length control field 021104n2002 000 0 eng u
035 ## - SYSTEM CONTROL NUMBER
System control number (Sirsi) u120347
100 ## - MAIN ENTRY--PERSONAL NAME
Personal name Knowles, R
245 ## - TITLE STATEMENT
Title Professional indemnity insurers have cause for concern
260 ## - PUBLICATION, DISTRIBUTION, ETC.
Date of publication, distribution, etc. 2002
490 ## - SERIES STATEMENT
Series statement Civil Engineering Surveyor
Volume/sequential designation October 2002, 20-21(2)
520 ## - SUMMARY, ETC.
Summary, etc. Discusses two recent construction cases relating to adjudication. In "Gillies Ramsay Diamond v PJW Enterprises Ltd" the employer PJW Enterprises claimed that the contract administrator Gillies Ramsay Diamond had failed to exercise the level of skill expected of a competent surveyor (as covered by the Construction Act 1996) and as a result PJW incurred losses. The matter was referred to adjudication and Gillies argued that the dispute fell outside the provisions of the Construction Act. The dispute finished in the Outer House Court of Session which found in favour of PJW, but PJW still suffered loss because the dispute had not been resolved at adjudication. Also looks at "J T Mackley v Gosport Marina Ltd" in which a dispute was referred to court over the validity of a Notice to Refer. The decision went in favour of the contractor Mackley and the threat of arbitration was removed. Concludes that if a contract states that an action must be carried out within a timescale, parties must ensure that the timescale is followed.
590 ## - LOCAL NOTE (RLIN)
Local note ABS
650 ## - SUBJECT ADDED ENTRY--TOPICAL TERM
Topical term or geographic name entry element MANAGEMENT-DISPUTE AVOIDANCE, MANAGEMENT AND RESOLUTION-DISPUTE MANAGEMENT AND RESOLUTION-ALTERNATIVE DISPUTE RESOLUTION-ADJUDICATION
650 ## - SUBJECT ADDED ENTRY--TOPICAL TERM
Topical term or geographic name entry element BUILT ENVIRONMENT-BUILDING CONTRACT FORMS-STANDARD FORMS OF BUILDING CONTRACT-INSTITUTION OF CIVIL ENGINEERS CONTRACTS
650 ## - SUBJECT ADDED ENTRY--TOPICAL TERM
Topical term or geographic name entry element GILLIES RAMSAY DIAMOND V PJW ENTERPRISES
650 ## - SUBJECT ADDED ENTRY--TOPICAL TERM
Topical term or geographic name entry element SCHEME FOR CONSTRUCTION CONTRACTS
650 ## - SUBJECT ADDED ENTRY--TOPICAL TERM
Topical term or geographic name entry element ARBITRATION ACT 1996
650 ## - SUBJECT ADDED ENTRY--TOPICAL TERM
Topical term or geographic name entry element BUILT ENVIRONMENT-BUILDING CONTRACT FORMS
650 ## - SUBJECT ADDED ENTRY--TOPICAL TERM
Topical term or geographic name entry element HOUSING GRANTS, CONSTRUCTION AND REGENERATION ACT 1996
650 ## - SUBJECT ADDED ENTRY--TOPICAL TERM
Topical term or geographic name entry element J T MACKLEY V GOSPORT MARINA
690 ## - LOCAL SUBJECT ADDED ENTRY--TOPICAL TERM (OCLC, RLIN)
Topical term or geographic name as entry element BUILT ENVIRONMENT-BUILDING CONTRACT FORMS
942 ## - ADDED ENTRY ELEMENTS (KOHA)
Suppress in OPAC 0
Holdings
Withdrawn status Lost status Source of classification or shelving scheme Damaged status Not for loan Home library Current library Shelving location Date acquired Total Checkouts Full call number Barcode Date last seen Copy number Price effective from Koha item type
    Dewey Decimal Classification     London London Journal article 04/11/2002   ABS66007 120347-1001 06/08/2019 1 06/08/2019 Journal article